000
00328nam a22001577a 4500
003
SGT
020
_a
9788190568104
082
_a
617
_b
M19D
100
_a
DAS,S.
245
_a
A MANUAL ON CLINICAL SURGERY
250
_a
14TH
260
_a
INDIA
_b
S.D. PUB
_c
2019
300
_a
648
650
_a
SURGERY
942
_2
ddc
_c
BK
_0
120
999
_c
20971
_d
20971